Villes traversées par l'autoroute A71 - l'arverne - Statistiques

Statistiques générales
  • Ce quiz a été pris 38 fois
  • Le résultat moyen est 7 sur 8
Statistiques - réponses
ville population kilomètre % Correct
Bourges 63 702 106
100%
Clermont-Ferrand 150 443 291
97%
Orléans 117 670 0
97%
Vierzon 24 595 77
91%
Montluçon 33 342 198
83%
Riom 18 736 272
74%
Olivet 23 478 4
71%
Saint-Amand-Montrond 10 161 151
51%
Aucun quiz correspondant
Distribution des résultats
% des personnes avec chaque résultat
Percentile par nombre de réponses
Votre historique - résultats
Vous n’avez pas pris ce quiz